| 000 | 00665nam a2200241Ia 4500 | ||
|---|---|---|---|
| 005 | 20260430150542.0 | ||
| 008 | 008 250103s9999 xx 000 0 eng d | ||
| 037 | _aTheses | ||
| 040 | _aCRL | ||
| 040 | _beng | ||
| 040 | _ceng | ||
| 041 | _2eng | ||
| 041 | _aeng | ||
| 084 | _qCRL | ||
| 100 |
_aZingkhai Leishichan Au.; Meera Gu. _91237830 |
||
| 245 | 2 | _aA Bibliometric Study of Social Science Literature Published During 2007 2016 | |
| 260 | _c2023 | ||
| 300 | _a328p. | ||
| 650 | _aLibrary Science | ||
| 700 |
_aUniversity of Delhi. Faculty of Arts. Deptt. of Library & Information Science _91237831 |
||
| 942 | _cTH | ||
| 999 |
_c1850059 _d1850059 |
||